000
00312nam a22001337a 4500
008
181025b xxu||||| |||| 00| 0 eng d
020
_a
9780312084189
041
_a
eng
080
_2
3 ed
_a
321
100
_a
22
101
_a
POL
245
_a
International Political Economy
_c
Frieden.J.A
942
_2
udc
_c
BK
999
_c
50921
_d
50921